Методика оценки измерительных и программных средств гамма-спектрометрического мониторинга радиоактивных загрязнений природных сред; АНРИ; Аппаратура и новости радиационных измерений; № 1
| Parent link: | АНРИ.— , 2000- Аппаратура и новости радиационных измерений: научно-информационный журнал/ Доза ; Государственный комитет по санэпиднадзору РФ ; Метрологическая академия РФ № 1.— 2006.— С. 38-41 |
|---|---|
| Yazar: | |
| Dil: | Rusça |
| Baskı/Yayın Bilgisi: |
2006
|
| Seri Bilgileri: | Измерения |
| Konular: | |
| Materyal Türü: | Kitap Bölümü |
| KOHA link: | https://koha.lib.tpu.ru/cgi-bin/koha/opac-detail.pl?biblionumber=401351 |
MARC
| LEADER | 00000naa2a2200000 4500 | ||
|---|---|---|---|
| 001 | 401351 | ||
| 005 | 20231101065533.0 | ||
| 035 | |a (RuTPU)RU\TPU\prd\44669 | ||
| 090 | |a 401351 | ||
| 100 | |a 20060713a2006 k y0rusy50 ca | ||
| 101 | 0 | |a rus | |
| 102 | |a RU | ||
| 200 | 1 | |a Методика оценки измерительных и программных средств гамма-спектрометрического мониторинга радиоактивных загрязнений природных сред |f Г. Ю. Никольский | |
| 225 | 1 | |a Измерения | |
| 320 | |a Библиогр.: 7 назв. | ||
| 461 | 0 | |0 (RuTPU)RU\TPU\prd\1302 |t АНРИ |d 2000- | |
| 461 | |t Аппаратура и новости радиационных измерений |o научно-информационный журнал |f Доза ; Государственный комитет по санэпиднадзору РФ ; Метрологическая академия РФ | ||
| 463 | 0 | |0 (RuTPU)RU\TPU\prd\43275 |t № 1 |v С. 38-41 |d 2006 | |
| 610 | 1 | |a радиоактивные загрязнения | |
| 610 | 1 | |a природные среды | |
| 610 | 1 | |a гамма-спектрометрический мониторинг | |
| 610 | 1 | |a программные средства | |
| 610 | 1 | |a измерительные средства | |
| 700 | 1 | |a Никольский |b Г. Ю. | |
| 801 | 1 | |a RU |b 63413507 |c 20060713 |g PSBO | |
| 801 | 2 | |a RU |b 63413507 |c 20120321 |g RCR | |
| 942 | |c BK | ||